000 00904nam a2200349Ia 4500
005 20260514124347.0
008 008 261405s9999 xx 000 0 eng d
037 _aThesis
040 _aCRL
040 _beng
040 _cCRL
041 _2eng
041 _aeng
084 _qCRL
100 _aSehrawat Dr.Prateek
_91239565
245 0 _aCentral Corneal Thickness and Corneal Diameter in Preterm and Term Newborns and Preterm Neonates at Term Age.
260 _aDelhi
260 _bUniversity of Delhi
260 _c2015
300 _a78p.
502 _bPh.D.
502 _cUniversity of Delhi
502 _d2015
541 _oThesis
650 _aOphthalmology
700 _aDr.Rajiv Garg,
_91239548
700 _aDr.Sarita Beri,
_91239549
700 _aDr.Vikram Datta
_91239566
710 _aOphthalmology
_91239537
942 _cTH
999 _c1851732
_d1851732